[Event "First Saturday Tournaments - G"]
[Site "Budapest"]
[Date "2011.05.07"]
[Round "1.1"]
[White "Ilincic, Zlatko"]
[Black "Kosic, Dragan"]
[Result "1/2-1/2"]
[WhiteElo "2450"]
[BlackElo "2485"]
[PlyCount "40"]
[EventDate "2011.05.07"]

1. e4 c5 2. Nf3 e6 3. d4 cxd4 4. Nxd4 Nf6 5. Nc3 d6 6. Be2 Be7 7. O-O O-O 8.
Be3 Nc6 9. Kh1 e5 10. Nb3 Be6 11. f4 exf4 12. Bxf4 d5 13. exd5 Nxd5 14. Nxd5
Bxd5 15. Bf3 Bxf3 16. Rxf3 Qxd1+ 17. Rxd1 Rad8 18. Rfd3 Rxd3 19. Rxd3 Rd8 20.
Rxd8+ Bxd8 1/2-1/2

[Event "First Saturday Tournaments - G"]
[Site "Budapest"]
[Date "2011.05.07"]
[Round "1.2"]
[White "Manca, Federico"]
[Black "Tania, Sachdev"]
[Result "1/2-1/2"]
[WhiteElo "2399"]
[BlackElo "2416"]
[PlyCount "118"]
[EventDate "2011.05.07"]

1. e4 e5 2. f4 exf4 3. Nf3 g5 4. h4 g4 5. Ne5 d6 6. Nxg4 Nf6 7. Nxf6+ Qxf6 8.
Nc3 Nc6 9. Nd5 Qg6 10. d3 Qg3+ 11. Kd2 Kd8 12. c3 Ne7 13. Nxe7 Bxe7 14. Qf3
Bxh4 15. Be2 Be6 16. Kc2 Qxf3 17. Bxf3 Bg3 18. Rh6 Ke7 19. Bd2 b5 20. b3 a5 21.
c4 a4 22. Bc3 axb3+ 23. axb3 Rxa1 24. Bxa1 Rg8 25. Bf6+ Kd7 26. Rxh7 bxc4 27.
bxc4 Bg4 28. Rxf7+ Ke6 29. Rg7 Bxf3 30. gxf3 Rh8 31. Bg5 Rh2+ 32. Kc3 Be1+ 33.
Kb3 Ke5 34. Re7+ Kd4 35. Bxf4 Rh3 36. e5 Rxf3 37. exd6 cxd6 38. Rxe1 Rxf4 39.
Re6 Kc5 40. Kc3 Rf3 41. Re8 Kc6 42. Kd4 Rh3 43. Re3 Rh4+ 44. Kc3 Kc5 45. Rg3
Kc6 46. d4 Kc7 47. Rg7+ Kd8 48. d5 Rh1 49. Rg3 Ke7 50. Kb4 Rb1+ 51. Ka5 Kd7 52.
Rg7+ Kc8 53. Rg3 Kc7 54. Ka4 Ra1+ 55. Kb4 Rb1+ 56. Rb3 Rc1 57. Rc3 Rb1+ 58. Ka3
Rh1 59. Rb3 Rc1 1/2-1/2

[Event "First Saturday Tournaments - G"]
[Site "Budapest"]
[Date "2011.05.08"]
[Round "2.1"]
[White "Tania, Sachdev"]
[Black "Rodriguez, Lopez Rafael"]
[Result "1-0"]
[WhiteElo "2416"]
[BlackElo "2320"]
[PlyCount "89"]
[EventDate "2011.05.07"]

1. d4 Nf6 2. c4 e6 3. Nc3 c5 4. d5 exd5 5. cxd5 d6 6. e4 g6 7. h3 Bg7 8. Bg5
O-O 9. Nf3 Re8 10. Bd3 c4 11. Bc2 b5 12. a3 Nbd7 13. O-O Qb6 14. Qd2 a5 15.
Rfe1 Ba6 16. Be3 Nc5 17. Bd4 Rad8 18. Rad1 Qc7 19. e5 dxe5 20. Bxe5 Qb7 21. d6
Nd3 22. Bxd3 cxd3 23. b4 axb4 24. axb4 Nh5 25. Bxg7 Rxe1+ 26. Qxe1 Nxg7 27.
Rxd3 Nf5 28. Qe5 Qc6 29. Ne4 Bb7 30. Nf6+ Kh8 31. Nd5+ Ng7 32. Ng5 Qc1+ 33. Kh2
Bxd5 34. Rxd5 Kg8 35. d7 h6 36. Ne4 Ne6 37. Rxb5 Qc7 38. Qxc7 Nxc7 39. Rc5 Ne6
40. Rc8 Kf8 41. Nc5 Ke7 42. Nxe6 fxe6 43. Rxd8 Kxd8 44. Kg3 Kxd7 45. Kf4 1-0

[Event "First Saturday Tournaments - G"]
[Site "Budapest"]
[Date "2011.05.08"]
[Round "2.2"]
[White "Kosic, Dragan"]
[Black "Manca, Federico"]
[Result "1-0"]
[WhiteElo "2485"]
[BlackElo "2399"]
[PlyCount "79"]
[EventDate "2011.05.07"]

1. d4 c5 2. d5 Nf6 3. Nc3 g6 4. e4 d6 5. Nf3 Bg7 6. Bb5+ Nbd7 7. a4 a6 8. Be2
b6 9. O-O O-O 10. Re1 Ne8 11. Bc4 Nc7 12. Bf4 Bb7 13. Qd3 Rb8 14. Rad1 b5 15.
axb5 Nb6 16. b3 axb5 17. Nxb5 Nxc4 18. bxc4 Ba6 19. Na7 Rb6 20. Nc6 Qd7 21. Rb1
Rxc6 22. dxc6 Qxc6 23. e5 Ne6 24. Bg3 Rd8 25. Qb3 Nd4 26. Nxd4 cxd4 27. Qb6
Qxb6 28. Rxb6 Bxc4 29. exd6 exd6 30. Rxd6 Rc8 31. f3 Be6 32. Bh4 h6 33. Rd8+
Rxd8 34. Bxd8 Bf5 35. Re2 d3 36. cxd3 Bxd3 37. Rd2 Bc4 38. Bb6 Bf6 39. Bd4
Bxd4+ 40. Rxd4 {after 39 move} 1-0

[Event "First Saturday Tournaments - G"]
[Site "Budapest"]
[Date "2011.05.08"]
[Round "2.3"]
[White "Szabo, Bence"]
[Black "Ilincic, Zlatko"]
[Result "0-1"]
[WhiteElo "2350"]
[BlackElo "2450"]
[PlyCount "72"]
[EventDate "2011.05.07"]

1. d4 e6 2. c4 Bb4+ 3. Nc3 f5 4. g3 Nf6 5. Bg2 O-O 6. e3 d6 7. Nge2 c6 8. O-O
Nbd7 9. Qc2 d5 10. cxd5 cxd5 11. Nf4 Nb6 12. Nd3 Bd6 13. a4 a6 14. b3 Qe7 15.
a5 Nbd7 16. Na4 Ne8 17. Nac5 Nc7 18. Bb2 Nb5 19. f3 Nb8 20. Rae1 Nc6 21. b4 Bd7
22. Qd2 Be8 23. Nf2 Bf7 24. e4 Qc7 25. Bh3 g6 26. Bg2 Rfe8 27. Nh3 dxe4 28.
fxe4 Rad8 29. exf5 Ncxd4 30. fxe6 Nf3+ 31. Kh1 Nxd2 32. Bd5 Nxf1 33. Rxf1 Rxe6
34. Nxe6 Qc2 35. Nhg5 Bxg3 36. hxg3 Rxd5 0-1

[Event "First Saturday Tournaments - G"]
[Site "Budapest"]
[Date "2011.05.09"]
[Round "3.2"]
[White "Rodriguez, Lopez Rafael"]
[Black "Kosic, Dragan"]
[Result "0-1"]
[WhiteElo "2320"]
[BlackElo "2485"]
[PlyCount "62"]
[EventDate "2011.05.07"]

1. e4 e6 2. d4 d5 3. Nc3 a6 4. Be3 Nf6 5. e5 Nfd7 6. f4 c5 7. Nf3 Nc6 8. Qd2 b5
9. a3 Bb7 10. Ne2 Rc8 11. Ng3 Be7 12. Be2 h5 13. O-O g6 14. Rad1 cxd4 15. Nxd4
Nc5 16. b4 h4 17. Nxc6 Rxc6 18. Bxc5 hxg3 19. Bxe7 gxh2+ 20. Kh1 Kxe7 21. Bf3
Rc4 22. g4 Qc7 23. f5 Qxe5 24. fxe6 fxe6 25. Rde1 Qf4 26. Qe2 Qd6 27. Bg2 g5
28. Rf5 Re4 29. Bxe4 dxe4 30. Rf2 e3+ 31. Rg2 Qg3 0-1

[Event "First Saturday Tournaments - G"]
[Site "Budapest"]
[Date "2011.05.09"]
[Round "3.3"]
[White "Chernyshov, Konstantin"]
[Black "Tania, Sachdev"]
[Result "1/2-1/2"]
[WhiteElo "2564"]
[BlackElo "2416"]
[PlyCount "102"]
[EventDate "2011.05.07"]

1. d4 d5 2. c3 Nf6 3. Bg5 g6 4. Bxf6 exf6 5. Nd2 Bg7 6. g3 c6 7. Bg2 O-O 8.
Ngf3 Nd7 9. O-O f5 10. Qc2 Nf6 11. Ne5 Ne4 12. Nd3 Be6 13. Nf4 Qc7 14. e3 Rfe8
15. Rfc1 Qe7 16. Re1 Rad8 17. Rac1 Rc8 18. Re2 Bf8 19. Rce1 Qf6 20. f3 Nxd2 21.
Qxd2 Bd7 22. Nd3 Rcd8 23. Qc2 Bd6 24. e4 fxe4 25. fxe4 dxe4 26. Nf2 Qg7 27.
Nxe4 Bf8 28. b4 Kh8 29. Qd2 Bg4 30. Re3 Bf5 31. Qf2 Bxe4 32. Bxe4 Re6 33. Bc2
Rxe3 34. Qxe3 Bd6 35. Bb3 Rf8 36. Kg2 Qf6 37. Rf1 Qg7 38. g4 f5 39. gxf5 Rxf5
40. Qe8+ Qf8 41. Qxf8+ Rxf8 42. Rxf8+ Bxf8 43. Kf3 Kg7 44. Be6 Kf6 45. Bc8 b6
46. Bb7 c5 47. dxc5 bxc5 48. b5 Bd6 49. h3 c4 50. Bd5 Be5 51. Bxc4 Bxc3 1/2-1/2

[Event "First Saturday Tournaments - G"]
[Site "Budapest"]
[Date "2011.05.09"]
[Round "4.1"]
[White "Kosic, Dragan"]
[Black "Chernyshov, Konstantin"]
[Result "1/2-1/2"]
[WhiteElo "2485"]
[BlackElo "2564"]
[PlyCount "92"]
[EventDate "2011.05.07"]

1. d4 e6 2. Nf3 Nf6 3. Bf4 c5 4. e3 Nc6 5. Nbd2 b6 6. c3 Be7 7. h3 O-O 8. Bd3
d6 9. Qe2 Bb7 10. O-O Qd7 11. Rad1 Rad8 12. Bh2 cxd4 13. exd4 Rfe8 14. Rfe1 Bf8
15. Ne4 Nxe4 16. Qxe4 g6 17. Qh4 Qe7 18. Qf4 Bg7 19. Bg3 Bf6 20. Bb5 e5 21. Qc1
a6 22. dxe5 dxe5 23. Rxd8 Qxd8 24. Bxc6 Bxc6 25. Nxe5 Rxe5 26. Rxe5 Bxg2 27.
Re1 Bxh3 28. Qf4 Kg7 29. Kh2 Be6 30. Qd6 Qxd6 31. Bxd6 g5 32. Be5 Bxa2 33.
Bxf6+ Kxf6 34. Re8 Kf5 35. Rb8 b5 36. Rb6 Ke4 37. Rxa6 Bc4 38. Rd6 h5 39. Kg2
h4 40. Rd4+ Ke5 41. f3 f5 42. Kf2 Ke6 43. Rd8 Kf6 44. Rd6+ Ke5 45. Rd4 Kf6 46.
Rd6+ Ke5 1/2-1/2

[Event "First Saturday Tournaments - G"]
[Site "Budapest"]
[Date "2011.05.09"]
[Round "4.2"]
[White "Szabo, Bence"]
[Black "Rodriguez, Lopez Rafael"]
[Result "1-0"]
[WhiteElo "2350"]
[BlackElo "2320"]
[PlyCount "71"]
[EventDate "2011.05.07"]

1. d4 Nf6 2. c4 e6 3. Nc3 c5 4. d5 exd5 5. cxd5 d6 6. e4 g6 7. Bd3 Bg7 8. h3
O-O 9. Nf3 a6 10. a4 Re8 11. O-O Nh5 12. Be3 Nd7 13. Qd2 b6 14. Rab1 Ne5 15.
Be2 Nxf3+ 16. Bxf3 Nf6 17. Rfe1 Nd7 18. b4 Ne5 19. Be2 f5 20. bxc5 bxc5 21. Rb3
fxe4 22. Nxe4 Nc4 23. Bxc4 Rxe4 24. Bd3 Re5 25. a5 Qh4 26. Rb6 Qe7 27. Reb1 Bf5
28. Rb8+ Rxb8 29. Rxb8+ Kf7 30. Bxa6 Qh4 31. Rb7+ Kf8 32. Bf1 Be4 33. Bf4 Rxd5
34. Bxd6+ Ke8 35. Bb5+ Kd8 36. Rb8# 1-0

[Event "First Saturday Tournaments - G"]
[Site "Budapest"]
[Date "2011.05.09"]
[Round "4.3"]
[White "Ilincic, Zlatko"]
[Black "Manca, Federico"]
[Result "1/2-1/2"]
[WhiteElo "2450"]
[BlackElo "2399"]
[PlyCount "67"]
[EventDate "2011.05.07"]

1. d4 Nf6 2. c4 c5 3. d5 e5 4. Nc3 d6 5. e4 Be7 6. Be2 O-O 7. h3 Nbd7 8. a4 a6
9. Bg4 Ne8 10. Nf3 g6 11. Bh6 Ng7 12. Qc2 Nf6 13. Bxc8 Qxc8 14. g4 Kh8 15. Ke2
Ng8 16. Bxg7+ Kxg7 17. Rag1 Nf6 18. Qc1 Rh8 19. Ne1 h5 20. g5 Nd7 21. Nd3 h4
22. f4 exf4 23. Qxf4 Qc7 24. Rg4 Ne5 25. Rf1 Raf8 26. Rxh4 Nxc4 27. Rxh8 Kxh8
28. Qh4+ Kg8 29. Qh6 Qb6 30. Rf6 Qb3 31. Rxg6+ fxg6 32. Qxg6+ Kh8 33. Qh6+ Kg8
34. Qg6+ 1/2-1/2

[Event "First Saturday Tournaments - G"]
[Site "Budapest"]
[Date "2011.05.10"]
[Round "5.1"]
[White "Rodriguez, Lopez Rafael"]
[Black "Ilincic, Zlatko"]
[Result "1/2-1/2"]
[WhiteElo "2320"]
[BlackElo "2450"]
[PlyCount "29"]
[EventDate "2011.05.07"]

1. Nf3 Nf6 2. c4 g6 3. b3 Bg7 4. Bb2 O-O 5. g3 d6 6. d4 e5 7. dxe5 Ng4 8. Nc3
Nxe5 9. Nxe5 dxe5 10. Qxd8 Rxd8 11. Nd5 Na6 12. Ne7+ Kf8 13. Nxc8 Raxc8 14. Bg2
c6 15. Rd1 1/2-1/2

[Event "First Saturday Tournaments - G"]
[Site "Budapest"]
[Date "2011.05.10"]
[Round "5.2"]
[White "Chernyshov, Konstantin"]
[Black "Szabo, Bence"]
[Result "1-0"]
[WhiteElo "2564"]
[BlackElo "2350"]
[PlyCount "57"]
[EventDate "2011.05.07"]

1. f4 d5 2. b3 c6 3. Bb2 Nf6 4. Nf3 Qc7 5. e3 Nbd7 6. c4 e6 7. Nc3 Be7 8. Rc1
O-O 9. Bd3 dxc4 10. bxc4 c5 11. O-O b6 12. Qe1 Bb7 13. Qh4 Rfe8 14. g4 Nf8 15.
g5 Qd8 16. Bb1 N6d7 17. Qg3 Nb8 18. Ne4 Nbd7 19. Rf2 f5 20. gxf6 Nxf6 21. Rg2
g6 22. Neg5 Nh5 23. Qh3 Bxg5 24. Rxg5 Ng7 25. Bc3 Nd7 26. Bxg6 hxg6 27. Rxg6
Re7 28. Ng5 Nf8 29. Qh6 1-0

[Event "First Saturday Tournaments - G"]
[Site "Budapest"]
[Date "2011.05.10"]
[Round "5.3"]
[White "Tania, Sachdev"]
[Black "Kosic, Dragan"]
[Result "1/2-1/2"]
[WhiteElo "2416"]
[BlackElo "2485"]
[PlyCount "52"]
[EventDate "2011.05.07"]

1. d4 e6 2. c4 Bb4+ 3. Nd2 c5 4. a3 Bxd2+ 5. Qxd2 cxd4 6. Qxd4 Nf6 7. Nf3 Nc6
8. Qd1 O-O 9. e3 d5 10. cxd5 Qxd5 11. Qxd5 Nxd5 12. Bc4 Nb6 13. Ba2 e5 14. O-O
h6 15. b4 a6 16. Bb2 Re8 17. Rac1 Be6 18. Bxe6 Rxe6 19. Rfd1 f6 20. Kf1 Rd8 21.
Rxd8+ Nxd8 22. Ke2 Rc6 23. Rxc6 Nxc6 24. Kd3 Kf7 25. Nd2 Ke6 26. f3 Nd7 1/2-1/2

[Event "First Saturday Tournaments - G"]
[Site "Budapest"]
[Date "2011.05.11"]
[Round "6.1"]
[White "Szabo, Bence"]
[Black "Tania, Sachdev"]
[Result "0-1"]
[WhiteElo "2350"]
[BlackElo "2416"]
[PlyCount "70"]
[EventDate "2011.05.07"]

1. Nf3 Nf6 2. c4 c5 3. Nc3 d6 4. d4 cxd4 5. Nxd4 g6 6. g3 Nc6 7. Bg2 Bd7 8. O-O
Bg7 9. Nxc6 Bxc6 10. e4 O-O 11. Be3 Rc8 12. Rc1 b6 13. b3 Qd7 14. Re1 Rfe8 15.
f4 Ng4 16. Qd3 Nxe3 17. Rxe3 b5 18. cxb5 Bxb5 19. Qd2 Qc7 20. Bh3 e6 21. Bf1
Bd7 22. Bc4 Qb6 23. Kf1 Bc6 24. Rd3 Red8 25. Re1 Qb7 26. e5 d5 27. Rd4 Bf8 28.
Be2 Bc5 29. Rd3 d4 30. Rc1 Bg2+ 31. Ke1 Re8 32. Rxd4 Bxd4 33. Qxd4 Bh3 34. Rd1
Rcd8 35. Qe4 Qb6 0-1

[Event "First Saturday Tournaments - G"]
[Site "Budapest"]
[Date "2011.05.11"]
[Round "6.2"]
[White "Ilincic, Zlatko"]
[Black "Chernyshov, Konstantin"]
[Result "1/2-1/2"]
[WhiteElo "2450"]
[BlackElo "2564"]
[PlyCount "106"]
[EventDate "2011.05.07"]

1. d4 e6 2. c4 b6 3. Nf3 Bb7 4. g3 Nf6 5. Bg2 Be7 6. O-O O-O 7. Nc3 Na6 8. b3
Ne4 9. Bb2 f5 10. e3 Bf6 11. Qe2 Qe8 12. Rfd1 Nxc3 13. Bxc3 Be4 14. Ne1 Bxg2
15. Kxg2 c6 16. Nd3 Nc5 17. Bb4 Nxd3 18. Bxf8 Nxf2 19. Qxf2 Qxf8 20. Rac1 g6
21. Rc2 Qe7 22. Re2 Rf8 23. Qf3 Qd6 24. Rc2 Qe7 25. a4 Qb4 26. Rd3 a6 27. e4
Bg7 28. e5 Rc8 29. Re2 b5 30. axb5 axb5 31. Rc3 h5 32. Qd3 bxc4 33. bxc4 Rb8
34. Ra3 Rb7 35. d5 cxd5 36. cxd5 Kh7 37. dxe6 dxe6 38. Ra6 Rb6 39. Rxb6 Qxb6
40. Qd7 Qb3 41. h4 Qc4 42. Qd2 Qc6+ 43. Kh2 Bf8 44. Re3 Qc4 45. Qe2 Qxe2+ 46.
Rxe2 Bg7 47. Ra2 Bxe5 48. Re2 Bb8 49. Rxe6 f4 50. gxf4 Bxf4+ 51. Kg2 Kg7 52.
Kf2 Kf7 53. Rb6 Be5 1/2-1/2

[Event "First Saturday Tournaments - G"]
[Site "Budapest"]
[Date "2011.05.11"]
[Round "6.3"]
[White "Manca, Federico"]
[Black "Rodriguez, Lopez Rafael"]
[Result "1/2-1/2"]
[WhiteElo "2399"]
[BlackElo "2320"]
[PlyCount "114"]
[EventDate "2011.05.07"]

1. e4 c5 2. c3 d5 3. exd5 Qxd5 4. d4 Nf6 5. Nf3 g6 6. Be3 cxd4 7. cxd4 Bg7 8.
Nc3 Qd8 9. Bc4 O-O 10. h3 Nc6 11. d5 Na5 12. Be2 b6 13. b4 Nb7 14. O-O Nxd5 15.
Nxd5 Bxa1 16. Qxa1 Qxd5 17. Ne5 Qe6 18. Bh6 Qf6 19. Bxf8 Kxf8 20. Bf3 Rb8 21.
Rc1 Be6 22. Rc7 Nd8 23. Rxa7 Kg7 24. a4 Rc8 25. Ra8 Rxa8 26. Bxa8 Bd7 27. b5
Bc8 28. Qe1 Bb7 29. Bxb7 Nxb7 30. Nc6 Nc5 31. a5 bxa5 32. Qxa5 Qb2 33. Qb4 Qxb4
34. Nxb4 Kf6 35. Nc6 Nb7 36. f4 Ke6 37. Kf2 Nd6 38. b6 Kd7 39. Na5 Kc8 40. Ke3
Nb7 41. Nc6 Kd7 42. Ne5+ Ke6 43. Kd4 f6 44. Nc4 Kd7 45. Kd5 e6+ 46. Kd4 h5 47.
g4 hxg4 48. hxg4 Kc6 49. g5 e5+ 50. fxe5 fxg5 51. e6 g4 52. Ke5 g3 53. Ne3 Nd6
54. e7 Ne8 55. Ke6 Kxb6 56. Kf7 Nd6+ 57. Kxg6 Kc7 1/2-1/2

[Event "First Saturday Tournaments - G"]
[Site "Budapest"]
[Date "2011.05.12"]
[Round "7.1"]
[White "Chernyshov, Konstantin"]
[Black "Manca, Federico"]
[Result "0-1"]
[WhiteElo "2564"]
[BlackElo "2399"]
[PlyCount "88"]
[EventDate "2011.05.07"]

1. Nc3 e5 2. e4 Nf6 3. Bc4 Nc6 4. d3 Na5 5. Bb3 Nxb3 6. axb3 Bb4 7. Nge2 d5 8.
O-O h6 9. Bd2 dxe4 10. dxe4 O-O 11. Qc1 b6 12. Rd1 Qe7 13. Ng3 Be6 14. Nd5 Bxd5
15. Nf5 Qe6 16. exd5 Nxd5 17. c4 Qxf5 18. cxd5 Bd6 19. b4 e4 20. Qc4 Qg6 21.
Ra3 Qh5 22. Qc1 Qxh2+ 23. Kf1 Qh1+ 24. Ke2 Qh5+ 25. Kf1 Rae8 26. Rh3 Qg4 27.
Re1 f5 28. Qc4 Qg6 29. g3 Qg4 30. Rh4 Qg6 31. Ke2 Rf6 32. Be3 Qf7 33. Reh1 Rg6
34. b5 Qf6 35. Bd4 Qf7 36. Be3 Be7 37. Rh5 Rd6 38. Kf1 Qxd5 39. Qxd5+ Rxd5 40.
Kg2 Rxb5 41. g4 Rf8 42. Rc1 Bd6 43. Rc4 Rxb2 44. gxf5 Rb4 0-1

[Event "First Saturday Tournaments - G"]
[Site "Budapest"]
[Date "2011.05.12"]
[Round "7.2"]
[White "Tania, Sachdev"]
[Black "Ilincic, Zlatko"]
[Result "1/2-1/2"]
[WhiteElo "2416"]
[BlackElo "2450"]
[PlyCount "48"]
[EventDate "2011.05.07"]

1. d4 Nf6 2. c4 e6 3. Nc3 d5 4. cxd5 exd5 5. Bg5 c6 6. Qc2 Be6 7. e3 Nbd7 8.
Bd3 h6 9. Bh4 Be7 10. Nge2 Nh5 11. Bxe7 Qxe7 12. h3 Nb6 13. g4 Nf6 14. O-O-O
O-O-O 15. Kb1 Kb8 16. f3 h5 17. Nf4 Bc8 18. Qf2 g5 19. Ng2 Ne8 20. gxh5 Rxh5
21. h4 gxh4 22. Rxh4 Rxh4 23. Qxh4 Qxh4 24. Nxh4 Nd6 1/2-1/2

[Event "First Saturday Tournaments - G"]
[Site "Budapest"]
[Date "2011.05.12"]
[Round "7.3"]
[White "Kosic, Dragan"]
[Black "Szabo, Bence"]
[Result "0-1"]
[WhiteElo "2485"]
[BlackElo "2350"]
[PlyCount "88"]
[EventDate "2011.05.07"]

1. d4 Nf6 2. Nf3 e6 3. e3 b6 4. Bd3 Bb7 5. O-O d5 6. c4 Bd6 7. Nc3 O-O 8. b3
Nbd7 9. Bb2 a6 10. Ne2 Ne4 11. Ng3 f5 12. cxd5 exd5 13. Ne5 g6 14. Ne2 Ndf6 15.
f3 Ng5 16. Nf4 Qe7 17. Qe1 Nf7 18. Qg3 Nxe5 19. dxe5 Bxe5 20. Nxg6 hxg6 21.
Bxe5 Kf7 22. h3 Rfe8 23. f4 Nd7 24. Bxf5 gxf5 25. Qg7+ Ke6 26. Qg6+ Nf6 27. g4
fxg4 28. hxg4 Qf7 29. Qf5+ Ke7 30. Rac1 c5 31. g5 Ne4 32. Qh3 Rg8 33. Rc2 Bc8
34. Qh4 Rg6 35. Rg2 Bf5 36. Kh2 Nd6 37. Rd2 Be4 38. Bxd6+ Rxd6 39. f5 Kd7 40.
Rf4 Rg8 41. g6 Qf8 42. Qg5 Kc6 43. Rdf2 Rf6 44. Kg3 Qd6 0-1

[Event "First Saturday Tournaments - G"]
[Site "Budapest"]
[Date "2011.05.13"]
[Round "8.1"]
[White "Kosic, Dragan"]
[Black "Ilincic, Zlatko"]
[Result "1/2-1/2"]
[WhiteElo "2485"]
[BlackElo "2450"]
[PlyCount "39"]
[EventDate "2011.05.07"]

1. d4 c5 2. d5 e5 3. e4 d6 4. Nc3 a6 5. a4 g6 6. Nf3 Bg7 7. h3 Ne7 8. Nd2 Nd7
9. a5 b5 10. axb6 Nxb6 11. Nc4 Nxc4 12. Bxc4 O-O 13. O-O Qb6 14. Qd3 a5 15. Bd2
Bd7 16. Bb5 Bxb5 17. Qxb5 Rfb8 18. Qxb6 Rxb6 19. Na4 Rba6 20. b3 1/2-1/2

[Event "First Saturday Tournaments - G"]
[Site "Budapest"]
[Date "2011.05.13"]
[Round "8.2"]
[White "Tania, Sachdev"]
[Black "Manca, Federico"]
[Result "1/2-1/2"]
[WhiteElo "2416"]
[BlackElo "2399"]
[PlyCount "29"]
[EventDate "2011.05.07"]

1. d4 Nf6 2. c4 e6 3. Nf3 Bb4+ 4. Nbd2 d5 5. Qa4+ Nc6 6. a3 Be7 7. e3 O-O 8.
Qc2 b6 9. cxd5 Qxd5 10. Bd3 Bb7 11. e4 Qh5 12. Nf1 Qa5+ 13. Bd2 Nb4 14. axb4
Qxa1+ 15. Ke2 {after 22 move} 1/2-1/2

8. Qf2 g5 19. Ng2 Ne8 20. gxh5 Rxh5
21. h4 gxh4 22. Rxh4 Rxh4 23. Qxh4 Qxh4 24. Nxh4 Nd6 1/2-1/2

[Event "First Saturday Tournaments - G"]
[Site "Budapest"]
[Date "2011.05.13"]
[Round "9.1"]
[White "Rodriguez, Lopez Rafael"]
[Black "Tania, Sachdev"]
[Result "1/2-1/2"]
[WhiteElo "2320"]
[BlackElo "2416"]
[PlyCount "112"]
[EventDate "2011.05.07"]

1. Nf3 d5 2. d4 Nf6 3. c4 e6 4. cxd5 exd5 5. Nc3 c6 6. Bg5 Be7 7. Qc2 g6 8. e3
Bf5 9. Bd3 Bxd3 10. Qxd3 Nbd7 11. Bh6 Bf8 12. Bxf8 Nxf8 13. O-O Ne6 14. b4 a6
15. a4 O-O 16. Rab1 Qd6 17. h3 Rfe8 18. Rfc1 Nc7 19. b5 cxb5 20. axb5 Ne4 21.
bxa6 bxa6 22. Ne5 f6 23. Nxe4 dxe4 24. Qb3+ Ne6 25. Rc6 Qe7 26. Nc4 Kg7 27. Rb6
Ra7 28. Nd6 Rd8 29. Nb7 Re8 30. Na5 Nd8 31. d5 Qc5 32. Nb7 Nxb7 33. Rxb7+ Rxb7
34. Qxb7+ Re7 35. Qc6 Qxc6 36. dxc6 Re5 37. Rb7+ Kh6 38. Ra7 a5 39. c7 Rc5 40.
g4 g5 41. Kg2 Kg6 42. Kg3 h5 43. h4 gxh4+ 44. Kxh4 hxg4 45. Kxg4 a4 46. Kf4 Rc4
47. Rxa4 Rxc7 48. Kxe4 Re7+ 49. Kf4 Rb7 50. Ra6 Rb2 51. f3 Kf7 52. e4 Rb3 53.
Kg4 Rb4 54. Ra7+ Ke6 55. Kf4 Rb3 56. Rc7 Ra3 {after 19 move} 1/2-1/2

[Event "First Saturday Tournaments - G"]
[Site "Budapest"]
[Date "2011.05.13"]
[Round "9.2"]
[White "Manca, Federico"]
[Black "Kosic, Dragan"]
[Result "1/2-1/2"]
[WhiteElo "2399"]
[BlackElo "2485"]
[PlyCount "46"]
[EventDate "2011.05.07"]

1. e4 e6 2. d4 d5 3. Nc3 Nf6 4. Bg5 dxe4 5. Nxe4 Nbd7 6. Nf3 h6 7. Nxf6+ Nxf6
8. Be3 Nd5 9. Bd2 c5 10. Ne5 a6 11. Bd3 Qc7 12. Qh5 Nf6 13. Qe2 cxd4 14. O-O-O
Bd6 15. f4 b5 16. Rhe1 Bb7 17. Kb1 Bd5 18. g4 Rc8 19. h4 Nd7 20. Nxd7 Kxd7 21.
Qf2 Qc5 22. f5 f6 23. a3 Qb6 1/2-1/2

[Event "First Saturday Tournaments - G"]
[Site "Budapest"]
[Date "2011.05.13"]
[Round "9.3"]
[White "Ilincic, Zlatko"]
[Black "Szabo, Bence"]
[Result "0-1"]
[WhiteElo "2450"]
[BlackElo "2350"]
[PlyCount "76"]
[EventDate "2011.05.07"]

1. d4 Nf6 2. c4 e6 3. Nf3 b6 4. g3 Ba6 5. Qa4 Bb7 6. Bg2 c5 7. O-O cxd4 8. Nxd4
Bxg2 9. Kxg2 Qc7 10. Rd1 a6 11. Nc3 Be7 12. Bg5 h6 13. Bxf6 Bxf6 14. Ne4 Be7
15. Rac1 O-O 16. f3 Ra7 17. Rc3 Rc8 18. g4 d6 19. Qc2 Nd7 20. Nb3 Ne5 21. Qd2
Qb8 22. Qd4 Rac7 23. Nbd2 Rc6 24. a4 Ng6 25. Rb3 d5 26. cxd5 exd5 27. Ng3 Nf4+
28. Kh1 Bc5 29. Qc3 Bf2 30. Qb4 Rc1 31. Rf1 Bc5 32. Rxc1 Bxb4 33. Rxc8+ Qxc8
34. Rxb4 Qc1+ 35. Ndf1 Nxe2 36. Nxe2 Qxf1+ 37. Ng1 Qf2 38. Rb3 d4 0-1

[Event "First Saturday Tournaments - G"]
[Site "Budapest"]
[Date "2011.05.14"]
[Round "10.1"]
[White "Szabo, Bence"]
[Black "Manca, Federico"]
[Result "1-0"]
[WhiteElo "2350"]
[BlackElo "2399"]
[PlyCount "57"]
[EventDate "2011.05.07"]

1. Nf3 Nf6 2. c4 e6 3. Nc3 Bb4 4. Qc2 d5 5. e3 c5 6. a3 Ba5 7. Na4 dxc4 8. Qxc4
O-O 9. Nxc5 b6 10. Ne4 Bb7 11. Nxf6+ Qxf6 12. Qd4 Qxd4 13. Nxd4 b5 14. Nxb5 Nd7
15. b4 Bb6 16. Bb2 a5 17. Nd6 Bd5 18. Bb5 axb4 19. axb4 Bc7 20. Rxa8 Rxa8 21.
Nxf7 Kxf7 22. Bxd7 Rd8 23. Ba4 Ra8 24. Bd1 Ra2 25. Bc3 Bc4 26. f3 Bd8 27. Be2
Bd5 28. e4 Bc6 29. Bc4 1-0

[Event "First Saturday Tournaments - G"]
[Site "Budapest"]
[Date "2011.05.14"]
[Round "10.2"]
[White "Kosic, Dragan"]
[Black "Rodriguez, Lopez Rafael"]
[Result "1-0"]
[WhiteElo "2485"]
[BlackElo "2320"]
[PlyCount "115"]
[EventDate "2011.05.07"]

1. d4 d5 2. c4 c6 3. Nf3 Nf6 4. e3 e6 5. Bd3 dxc4 6. Bxc4 Nbd7 7. O-O Be7 8.
Nc3 b5 9. Bd3 Bb7 10. a3 a5 11. Bd2 O-O 12. Qc2 h6 13. Rfd1 Qb8 14. e4 b4 15.
Na4 Rc8 16. axb4 Bxb4 17. Bxb4 axb4 18. Nc5 Nxc5 19. Qxc5 Qf4 20. Qxb4 Rab8 21.
Qd2 Qxd2 22. Nxd2 c5 23. dxc5 Rxc5 24. f3 Bc6 25. b3 Rc3 26. Bc4 Rc2 27. Nf1
Bb5 28. Rac1 Ra2 29. Rd2 Ra7 30. Rcd1 Kf8 31. Rd8+ Rxd8 32. Rxd8+ Ke7 33. Rd4
Bxc4 34. Rxc4 Ra2 35. Ne3 Rb2 36. Rc3 Nh5 37. g3 Nf6 38. Nc4 Ra2 39. b4 Ra1+
40. Kg2 Ra2+ 41. Kh3 g5 42. Ra3 Rxa3 43. Nxa3 Nd7 44. Nc4 f5 45. Kg2 g4 46.
fxg4 fxg4 47. Kf2 Kd8 48. e5 Kc7 49. b5 Nf8 50. Ke3 Ng6 51. Kd4 h5 52. Kc5 h4
53. b6+ Kb8 54. Kd6 h3 55. Kxe6 Nh4 56. Ne3 Nf3 57. Nf1 Kb7 58. Kd6 1-0

[Event "First Saturday Tournaments - G"]
[Site "Budapest"]
[Date "2011.05.14"]
[Round "10.3"]
[White "Tania, Sachdev"]
[Black "Chernyshov, Konstantin"]
[Result "0-1"]
[WhiteElo "2416"]
[BlackElo "2564"]
[PlyCount "80"]
[EventDate "2011.05.07"]

1. d4 e6 2. c4 b6 3. e4 Bb7 4. Bd3 Nc6 5. Ne2 Bb4+ 6. Bd2 Qf6 7. Bc2 Ba6 8. Ba4
Nge7 9. Bb5 Bb7 10. O-O Bxd2 11. Qxd2 O-O 12. Nbc3 a6 13. Ba4 Na5 14. Qd3 d5
15. cxd5 exd5 16. e5 Qg6 17. Qd1 c5 18. Bc2 Qh6 19. f4 f5 20. Qd3 Rac8 21. Ng3
Nc4 22. b3 Nb2 23. Qd2 cxd4 24. Qxd4 Qc6 25. Rf3 Qc5 26. Nge2 Qc7 27. Rb1 Nc6
28. Qf2 d4 29. Rxb2 Nxe5 30. Rh3 Ng4 31. Qh4 Nf6 32. Bxf5 dxc3 33. Bxh7+ Kf7
34. Rxc3 Qe7 35. h3 Rxc3 36. Nxc3 Qc5+ 37. Kh2 Qxc3 38. Rc2 Qd4 39. Bf5 Qd6 40.
Re2 Re8 0-1